Critical care nursing : (Record no. 19212)
[ view plain ]
| 000 -LEADER | |
|---|---|
| fixed length control field | 01008cam a22003138a 4500 |
| 001 - CONTROL NUMBER | |
| control field | 016294250 |
| 003 - CONTROL NUMBER IDENTIFIER | |
| control field | OSt |
| 005 - DATE AND TIME OF LATEST TRANSACTION | |
| control field | 20201128021232.0 |
| 008 - FIXED-LENGTH DATA ELEMENTS--GENERAL INFORMATION | |
| fixed length control field | 130227t2014 moua frb 001 0 eng d |
| 020 ## - INTERNATIONAL STANDARD BOOK NUMBER | |
| International Standard Book Number | 9780323091787 (pbk.) |
| 040 ## - CATALOGING SOURCE | |
| Original cataloging agency | StDuBDS |
| Transcribing agency | StDuBDS |
| Modifying agency | EG-ScBUE |
| 082 04 - DEWEY DECIMAL CLASSIFICATION NUMBER | |
| Classification number | 616.028 |
| Edition number | 22 |
| Item number | URD |
| 100 1# - MAIN ENTRY--PERSONAL NAME | |
| Personal name | Urden, Linda Diann |
| 9 (RLIN) | 36322 |
| 245 10 - TITLE STATEMENT | |
| Title | Critical care nursing : |
| Remainder of title | diagnosis and management / |
| Statement of responsibility, etc | Linda D. Urden, Kathleen M. Stacy, Mary E. Lough. |
| 250 ## - EDITION STATEMENT | |
| Edition statement | 7th ed. |
| 260 ## - PUBLICATION, DISTRIBUTION, ETC. (IMPRINT) | |
| Place of publication, distribution, etc | Missouri : |
| Name of publisher, distributor, etc | Elsevier / Mosby, |
| Date of publication, distribution, etc | c.2014. |
| 300 ## - PHYSICAL DESCRIPTION | |
| Extent | xxiii, 1207 p. : |
| Other physical details | ill. (col.) ; |
| Dimensions | 28 cm. |
| 500 ## - GENERAL NOTE | |
| General note | Previous edition : 2009. |
| 500 ## - GENERAL NOTE | |
| General note | Index : p. 1167-1207. |
| 504 ## - BIBLIOGRAPHY, ETC. NOTE | |
| Bibliography, etc | Includes bibliographical references. |
| 650 #7 - SUBJECT ADDED ENTRY--TOPICAL TERM | |
| Topical term or geographic name as entry element | Intensive care nursing. |
| Source of heading or term | BUEsh |
| 9 (RLIN) | 2174 |
| 650 #7 - SUBJECT ADDED ENTRY--TOPICAL TERM | |
| Topical term or geographic name as entry element | Emergency nursing. |
| Source of heading or term | BUEsh |
| 9 (RLIN) | 2173 |
| 651 ## - SUBJECT ADDED ENTRY--GEOGRAPHIC NAME | |
| Source of heading or term | BUEsh |
| 653 ## - INDEX TERM--UNCONTROLLED | |
| Resource For college | Nursing |
| Arrived date list | April2015 |
| 655 ## - INDEX TERM--GENRE/FORM | |
| Form subdivision | |
| -- | 34232 |
| 700 1# - ADDED ENTRY--PERSONAL NAME | |
| Personal name | Stacy, Kathleen M. |
| 9 (RLIN) | 36323 |
| 700 1# - ADDED ENTRY--PERSONAL NAME | |
| Personal name | Lough, Mary E. |
| 9 (RLIN) | 36324 |
| 942 ## - ADDED ENTRY ELEMENTS (KOHA) | |
| Source of classification or shelving scheme | Dewey Decimal Classification |
| Withdrawn status | Item status | Source of classification or shelving scheme | Damaged status | Not for loan | Vendor | Home library | Current library | Shelving location | Date acquired | Source of acquisition | Cost, normal purchase price | Serial Enumeration / chronology | Total Checkouts | Total Renewals | Full call number | Barcode | Date last seen | Date last borrowed | Cost, replacement price | Koha item type |
|---|---|---|---|---|---|---|---|---|---|---|---|---|---|---|---|---|---|---|---|---|
| Dewey Decimal Classification | ايمك | Central Library | Central Library | First floor | 22/04/2015 | 1034.00 | 2446 | 7 | 42 | 616.028 URD | 000038056 | 15/07/2025 | 15/04/2024 | 1292.50 | Book - Borrowing | |||||
| Dewey Decimal Classification | ايمك | Central Library | Central Library | First floor | 22/04/2015 | 1034.00 | 2446 | 4 | 37 | 616.028 URD | 000038057 | 10/02/2026 | 12/02/2020 | 1292.50 | Book - Borrowing |